000 00333pab a2200145 454500
008 180718b1998 xxu||||| |||| 00| 0 eng d
100 _aVombatkere, S.G.
245 _aWeapons of mass destitution
260 _c1998
300 _ap.17-18
362 _a27 Jun
650 _aNuclear weapons
773 _aMainstream
909 _a38230
999 _c38230
_d38230